01227naa a22002537a 4500001001000000003000900010005001700019007000300036008003400039040005400073041000900127072002600136100002000162111014900182245011600331500018100447773018000628650001700808650001900825650001400844650002100858650001400879490008000893BR6007128BR-BrBNA20250709164604.0ta250630b bl.|||m| |||| 00| 0 por d aBR-BrBNAbporcBiblioteca Nacional de Agricultura a(Pt) aH60b0230b3876bG5141 aSouza, J.A.G.C.1 a4. Seminario Brasileiro de Herbicidas e Ervas Daninhas; 1. Reuniao Latinoamericana de Luta Contra as Ervas MascItaguai, RJ (Brazil)d3 Jul 19621 aAplicacao de herbicidas em cultura de cana-de-acucar na regiao de Araras, SP [Saccharum spp, Sao Paulo, Brasil] aAnais do 4. Seminario Brasileiro de Herbicidas e Ervas Daninhas e 1. Reuniao Latinoamericana de Luta Contra as Ervas Mas Itaguai, RJ (Brasil): 1962. p. 171-177 (BR6007128-AMS) 0 tAnais do 4. Seminario Brasileiro de Herbicidas e Ervas Daninhas e 1. Reuniao Latinoamericana de Luta Contra as Ervas MaswH60 BR6007128gItaguai, RJ (Brasil), 1962. p. 171-177 aERVA DANINHA aCANA DE ACUCAR aHERBICIDA aCONTROLE QUIMICO aSAO PAULO aBoletim - Instituto de Ecologia e Experimentacao Agricolas (Brazil)vno. 23